000 00346nam a2200133Ia 4500
008 231129s9999||||xx |||||||||||||| ||spa||
020 _a84-7530-149-9
040 _bspa
082 _aF841 S243a
100 _aSaint-John Perse seud
245 0 _aAnabasis y otros poemas
264 _aOrbis
942 _2ddc
_cBKS
999 _c4994
_d4994